30 villes québécoises les plus peuplées - Statistiques

Statistiques générales
  • Ce quiz a été pris 552 fois
    396 depuis la dernière actualisation
  • Le résultat moyen est 16 sur 30
Statistiques - réponses
Population Région administrative Ville ou municipalité % Correct
439 754 Laval Laval
96%
1 825 208 Montréal Montréal
96%
546 958 Capitale-Nationale Québec
96%
147 361 Saguenay–Lac-Saint-Jean Saguenay
86%
170 816 Estrie Sherbrooke
81%
290 283 Outaouais Gatineau
79%
138 134 Mauricie Trois-Rivières
79%
249 338 Montérégie Longueuil
76%
147 440 Chaudières-Appalaches Lévis
72%
79 153 Centre-du-Québec Drummondville
58%
49 733 Bas-Saint-Laurent Rimouski
58%
78 839 Laurentides Saint-Jérôme
58%
119 360 Lanaudière Terrebonne
56%
98 883 Montérégie Saint-Jean-sur-Richelieu
54%
90 161 Montérégie Brossard
52%
85 751 Lanaudière Repentigny
50%
43 182 Abitibi-Témiscamingue Rouyn-Noranda
48%
68 599 Estrie Granby
46%
47 796 Centre-du-Québec Victoriaville
46%
49 571 Mauricie Shawinigan
44%
61 543 Laurentides Blainville
39%
42 730 Montérégie Boucherville
36%
59 612 Laurentides Mirabel
36%
56 886 Montérégie Saint-Hyacinthe
31%
45 230 Laurentides Saint-Eustache
29%
50 626 Montérégie Châteauguay
27%
50 455 Lanaudière Mascouche
23%
42 410 Montérégie Salaberry-de-Valleyfield
23%
41 019 Montérégie Vaudreuil-Dorion
21%
50 453 Montréal Dollard-des-Ormeaux
16%
Aucun quiz correspondant
Distribution des résultats
% des personnes avec chaque résultat
Percentile par nombre de réponses
Votre historique - résultats
Vous n’avez pas pris ce quiz depuis la dernière actualisation